00769nam a2200217 a 450000100060000000300090000600500170001500800410003202000150007304000280008804100130011608200140012910000230014324502140016625000120038026000420039230000320043450000290046665000210049570000350051625144CO-ViMGA20230915232044.0141112s2004 ck r 000 u spa d a9706865489 aCO-ViMGAbspacCO-ViMGA aspa eng04a339 N42t1 aNicholson, Walter.10aTeoría microeconómica : bprincipios básicos y ampliaciones / cWalter Nicholson ; revisión técnica Marcos S. Ávalos Bracho, Ma. Mercedes Muñoz Sánchez ; traductora Pilar Mascaró Sacristán. a9a. ed. aMéxico : bCencage learning, c2008 axvi, 671 p. : il. ; 26 cm. aGlosario : p. 649 - 654.14aMicroeconomía.1 aAvalos Bracho, Marcos S., rev.